000 00554nam a22001937a 4500
003 OSt
005 20181003130038.0
008 181003b xxu||||| |||| 00| 0 eng d
020 _a9780853697664
040 _cDNLM
082 _aQV737 L494l 2010
100 _a Edited by Azzopardi, Lilian M.
_911856
245 _aLecture Notes in Pharmacy Practice
260 _aLondon; Pharmaceutical Press, 2010
300 _a448p; col.ill: 28cm
504 _aReferences, bibliography, & index included
650 _aPharmacy practice
_912700
942 _2z
_cSLOAN
999 _c6147
_d6147